موسوعة تعليم الإنشاء : التعبير / (رقم التسجيلة. 109052)
[ عرض عادي ]
| 000 -الفاتح | |
|---|---|
| عناصر البيانات ثابتة الطول | 00835cam a2200217 i 4500 |
| 005 - تاريخ ووقت آخر معاملة | |
| حقل ضبط | 20260423142546.0 |
| 008 - عناصر البيانات ثابتة الطول | |
| عناصر البيانات ثابتة الطول | 250721s2005 jo gr 000 0 ara d |
| 082 14 - رقم تصنيف ديوي العشري | |
| رقم التصنيف | 418.2071 |
| رقم المادة | ح ل ت |
| 100 1# - مدخل رئيسي – اسم شخصي | |
| الاسم الشخصي | أبو حلتم، نبيل |
| علاقة الشخص بالعمل/ دوره | مؤلف. |
| 245 10 - بيان العنوان | |
| العنوان | موسوعة تعليم الإنشاء : التعبير / |
| بيان المسؤولية | تأليف نبيل ابو حلتم، زهدي ابو خليل، د. نائل الساحوري. |
| 264 31 - بيانات النشر، التوزيع…إلخ | |
| مكان النشر، التوزيع...إلخ | عمان : |
| اسم الناشر، الموزع...إلخ | دار أسامة للنشر و التوزيع، |
| تاريخ النشر، التوزيع...إلخ | 2005. |
| 300 ## - الوصف المادي | |
| عدد الوحدات المكونة للوعاء | 280 صفحة. |
| 650 17 - مدخل إضافي بالموضوع - مصطلح موضوعي | |
| مصطلح موضوعي أو اسم جغرافي كعنصر مدخل | اللغة العربية. |
| 650 17 - مدخل إضافي بالموضوع - مصطلح موضوعي | |
| مصطلح موضوعي أو اسم جغرافي كعنصر مدخل | التعبير. |
| 650 17 - مدخل إضافي بالموضوع - مصطلح موضوعي | |
| مصطلح موضوعي أو اسم جغرافي كعنصر مدخل | الكتابة. |
| 650 17 - مدخل إضافي بالموضوع - مصطلح موضوعي | |
| مصطلح موضوعي أو اسم جغرافي كعنصر مدخل | التعلم. |
| 700 1# - مدخل إضافي - اسم شخصي | |
| الاسم الشخصي | أبو خليل، زهدي |
| علاقة الشخص بالعمل/ دوره | مؤلف. |
| 700 1# - مدخل إضافي - اسم شخصي | |
| الاسم الشخصي | الساحوري، نائل |
| علاقة الشخص بالعمل/ دوره | مؤلف. |
| 942 ## - بيانات إضافية (كوها) | |
| نوع التنصيف | Dewey Decimal Classification |
| نوع المادة (كوها) | كتب |
| حالة السحب | حالة الفقدان | مصدر التصنيف | حالة التلف | غير قابل للإعارة | المكتبة الرئيسية | المكتبة الحالية | موقع الرف | تاريخ التزويد | الرقم المتسلسل | Total Checkouts | رقم الإستدعاء | الباركود | تاريخ آخر ظهور | تاريخ الفاتورة | نوع المادة (كوها) | العملة |
|---|---|---|---|---|---|---|---|---|---|---|---|---|---|---|---|---|
| Dewey Decimal Classification | المكتبة المركزية | المكتبة المركزية | الإعارة | 28/07/2025 | 1131865 | 418.2071 / ح ل ت | 1131865 | 28/07/2025 | 28/07/2025 | كتب | ||||||
| Dewey Decimal Classification | المكتبة المركزية | المكتبة المركزية | 28/07/2025 | 1761135 | 418.2071/حلت | 28/07/2025 | 28/07/2025 | كتب | ||||||||
| Dewey Decimal Classification | المكتبة المركزية | المكتبة المركزية | الإعارة | 23/04/2026 | 1131866 | 418.2071 / ح ل ت | 1131866 | 23/04/2026 | 23/04/2026 | كتب | JOD | |||||
| Dewey Decimal Classification | مكتبة أبو علندا العامة | مكتبة أبو علندا العامة | الإعارة | 28/07/2025 | 1131877 | 418.2071/حلت | 1131877 | 28/07/2025 | 28/07/2025 | كتب | ||||||
| Dewey Decimal Classification | مكتبة أم قصير والمقابلين العامة | مكتبة أم قصير والمقابلين العامة | الإعارة | 28/07/2025 | 1131876 | 418.2071/حلت | 1131876 | 28/07/2025 | 28/07/2025 | كتب | ||||||
| Dewey Decimal Classification | مكتبة الأميرة ايمان العامة | مكتبة الأميرة ايمان العامة | الإعارة | 28/07/2025 | 1131868 | 418.2071/حلت | 1131868 | 28/07/2025 | 28/07/2025 | كتب | ||||||
| Dewey Decimal Classification | مكتبة الاميرة بديعة | مكتبة الاميرة بديعة | الإعارة | 28/07/2025 | 1131871 | 418.2071/حلت | 1131871 | 28/07/2025 | 28/07/2025 | كتب | ||||||
| Dewey Decimal Classification | مكتبة الجويدة | مكتبة الجويدة | الإعارة | 28/07/2025 | 1131872 | 418.2071/حلت | 1131872 | 28/07/2025 | 28/07/2025 | كتب | ||||||
| Dewey Decimal Classification | مكتبة الحسن العامة | مكتبة الحسن العامة | الإعارة | 28/07/2025 | 1131873 | 418.2071/حلت | 1131873 | 28/07/2025 | 28/07/2025 | كتب | ||||||
| Dewey Decimal Classification | مكتبة الراية الهاشمية للأطفال | مكتبة الراية الهاشمية للأطفال | الإعارة | 01/02/2015 | 1591010 | 418.2071/حلت | PLD00314983 | 28/07/2025 | 01/02/2015 | كتب | ||||||
| Dewey Decimal Classification | مكتبة النصر العامة | مكتبة النصر العامة | الإعارة | 28/07/2025 | 1131879 | 418.2071/حلت | 1131879 | 28/07/2025 | 28/07/2025 | كتب | ||||||
| Dewey Decimal Classification | مكتبة حمزة العامة | مكتبة حمزة العامة | الإعارة | 28/07/2025 | 1131874 | 418.2071/حلت | 1131874 | 28/07/2025 | 28/07/2025 | كتب | ||||||
| Dewey Decimal Classification | مكتبة صويلح العامة | مكتبة صويلح العامة | الإعارة | 28/07/2025 | 1131869 | 418.2071/حلت | 1131869 | 28/07/2025 | 28/07/2025 | كتب | ||||||
| Dewey Decimal Classification | مكتبة وادي السير العامة | مكتبة وادي السير العامة | الإعارة | 28/07/2025 | 1131878 | 418.2071/حلت | 1131878 | 28/07/2025 | 28/07/2025 | كتب |